[Event "Titled Tuesday 2020.06.16"]
[Site "chess.com INT"]
[Date "2020.06.16"]
[Round "2"]
[White "Golubka, Petro"]
[Black "Shuvalov, Evgenij"]
[Result "0-1"]
[WhiteElo "2495"]
[BlackElo "2182"]
[WhiteFideId "-1"]
[BlackFideId "-1"]
[PlyCount "38"]
[GameId "2130307595920524"]
[EventDate "2020.06.16"]
[EventType "swiss"]
[EventRounds "10"]
[EventCountry "NET"]
[SourceTitle "10 Days #619"]
[Source "ChessMix"]
[SourceDate "2020.07.01"]
[SourceVersion "1"]
[SourceVersionDate "2020.07.01"]
[SourceQuality "1"]

1. e4 e6 2. e5 d5 3. exd6 Bxd6 4. d4 Nf6 5. Nc3 b6 6. Nf3 Bb7 7. Bg5 Nbd7 8. Bd3 h6 9. Bh4 O-O 10. Qe2 c5 11. O-O-O Bxf3 12. Qxf3 cxd4 13. Ne4 Be7 14. Bg3 Nc5 15. Nxc5 bxc5 16. Rhe1 Qa5 17. Bc4 Qb4 18. Qb3 Qxb3 19. axb3 a5 0-1

[Event "Titled Tuesday 2020.06.16"]
[Site "chess.com INT"]
[Date "2020.06.16"]
[Round "3"]
[White "Karas, Marek"]
[Black "Golubka, Petro"]
[Result "1/2-1/2"]
[WhiteElo "2244"]
[BlackElo "2495"]
[WhiteFideId "-1"]
[BlackFideId "-1"]
[PlyCount "130"]
[GameId "2130307595929006"]
[EventDate "2020.06.16"]
[EventType "swiss"]
[EventRounds "10"]
[EventCountry "NET"]
[SourceTitle "10 Days #619"]
[Source "ChessMix"]
[SourceDate "2020.07.01"]
[SourceVersion "1"]
[SourceVersionDate "2020.07.01"]
[SourceQuality "1"]

1. d4 d5 2. Bf4 c6 3. e3 Nf6 4. Nf3 g6 5. c4 Bg7 6. Nc3 O-O 7. h3 a5 8. cxd5 Nxd5 9. Nxd5 Qxd5 10. Qb3 Qxb3 11. axb3 Be6 12. Bc4 Bxc4 13. bxc4 Nd7 14. O-O Nb6 15. Rfc1 Ra6 16. Bc7 Rfa8 17. b3 Nd7 18. Ra2 b6 19. Kf1 Kf8 20. Ke2 Ke8 21. Bg3 Kd8 22. Kd3 h6 23. Rb1 Kc8 24. Kc2 Kb7 25. Bf4 a4 26. bxa4 Rxa4 27. Rxa4 Rxa4 28. Kb3 Ra5 29. Kc2 g5 30. Bg3 Ra2+ 31. Rb2 Rxb2+ 32. Kxb2 b5 33. Kb3 Nb6 34. Nd2 f5 35. Kb4 bxc4 36. Nxc4 Nxc4 37. Kxc4 Kc8 38. f3 Kd7 39. Bf2 e6 40. g4 Bf8 41. e4 fxe4 42. fxe4 Bd6 43. d5 cxd5+ 44. exd5 Be5 45. Be3 Kd6 46. Bc5+ Kd7 47. Bf8 h5 48. gxh5 Ke8 49. Bh6 Kf7 50. Bxg5 exd5+ 51. Kxd5 Bf6 52. Bf4 Kg8 53. Ke4 Kh7 54. Kf5 Bh8 55. Bg5 Ba1 56. Kg4 Bh8 57. h6 Ba1 58. Kh5 Bh8 59. h4 Ba1 60. Bf4 Bh8 61. Kg5 Ba1 62. Kf5 Bh8 63. Be5 Bxe5 64. Kxe5 Kxh6 65. h5 Kxh5 1/2-1/2

[Event "Titled Tuesday 2020.06.16"]
[Site "chess.com INT"]
[Date "2020.06.16"]
[Round "4"]
[White "Golubka, Petro"]
[Black "Bodnaruk, Anastasia"]
[Result "1-0"]
[WhiteElo "2495"]
[BlackElo "2411"]
[WhiteFideId "-1"]
[BlackFideId "-1"]
[PlyCount "61"]
[GameId "2130307595941520"]
[EventDate "2020.06.16"]
[EventType "swiss"]
[EventRounds "10"]
[EventCountry "NET"]
[SourceTitle "10 Days #619"]
[Source "ChessMix"]
[SourceDate "2020.07.01"]
[SourceVersion "1"]
[SourceVersionDate "2020.07.01"]
[SourceQuality "1"]

1. g4 d5 2. h3 e5 3. Bg2 c6 4. c4 d4 5. Nf3 Bd6 6. d3 Ne7 7. Nbd2 Bc7 8. Ne4 f5 9. gxf5 Bxf5 10. Nh4 O-O 11. Nxf5 Nxf5 12. Bg5 Qe8 13. Qb3 b6 14. O-O-O Kh8 15. h4 Nd7 16. h5 a5 17. h6 g6 18. Qa4 Qe6 19. Kb1 Rab8 20. Rc1 b5 21. cxb5 Rxb5 22. Qxb5 cxb5 23. Rxc7 Nb6 24. Bd2 Rc8 25. Rxh7+ Kg8 26. Ng5 Qe8 27. Rb7 Nd7 28. h7+ Kg7 29. h8=Q+ Qxh8 30. Rxd7+ Kf6 31. Rf7# 1-0

[Event "Titled Tuesday 2020.06.16"]
[Site "chess.com INT"]
[Date "2020.06.16"]
[Round "5"]
[White "Golubka, Petro"]
[Black "Yaniuk, Volodymyr"]
[Result "1-0"]
[WhiteElo "2495"]
[BlackElo "2233"]
[WhiteFideId "-1"]
[BlackFideId "-1"]
[PlyCount "53"]
[GameId "2130307595949976"]
[EventDate "2020.06.16"]
[EventType "swiss"]
[EventRounds "10"]
[EventCountry "NET"]
[SourceTitle "10 Days #619"]
[Source "ChessMix"]
[SourceDate "2020.07.01"]
[SourceVersion "1"]
[SourceVersionDate "2020.07.01"]
[SourceQuality "1"]

1. g4 d5 2. h3 e5 3. Bg2 c6 4. c4 dxc4 5. Qc2 Be6 6. Nf3 Nd7 7. Na3 Bxa3 8. bxa3 f6 9. Rb1 b5 10. a4 a6 11. Ba3 Nb6 12. O-O Ne7 13. d3 O-O 14. Rfd1 Qc7 15. a5 Na4 16. dxc4 Bxc4 17. Bd6 Qa7 18. Rb4 Bd5 19. g5 Rfd8 20. gxf6 Rxd6 21. Ng5 Ng6 22. f7+ Kh8 23. Bxd5 cxd5 24. Rxd5 Rxd5 25. Qxg6 Rd1+ 26. Kg2 Qb7+ 27. f3 1-0

[Event "Titled Tuesday 2020.06.16"]
[Site "chess.com INT"]
[Date "2020.06.16"]
[Round "6"]
[White "Godzwon, Iwo"]
[Black "Golubka, Petro"]
[Result "0-1"]
[WhiteElo "2347"]
[BlackElo "2495"]
[WhiteFideId "-1"]
[BlackFideId "-1"]
[PlyCount "66"]
[GameId "2130307595962500"]
[EventDate "2020.06.16"]
[EventType "swiss"]
[EventRounds "10"]
[EventCountry "NET"]
[SourceTitle "10 Days #619"]
[Source "ChessMix"]
[SourceDate "2020.07.01"]
[SourceVersion "1"]
[SourceVersionDate "2020.07.01"]
[SourceQuality "1"]

1. e4 c5 2. Nf3 d6 3. d4 cxd4 4. Nxd4 e5 5. Bb5+ Bd7 6. Bxd7+ Qxd7 7. Ne2 Nf6 8. Ng3 h6 9. Nc3 Nc6 10. Be3 Be7 11. h3 O-O 12. O-O Rfd8 13. Nd5 Nxd5 14. Qxd5 Nb4 15. Qb3 d5 16. c3 Nc6 17. Rad1 d4 18. Nf5 Bf6 19. f4 Na5 20. Qb4 Nc6 21. Qa4 Qe8 22. fxe5 dxe3 23. exf6 e2 24. Nxg7 Rxd1 25. Rxd1 exd1=Q+ 26. Qxd1 Qxe4 27. Nh5 Rd8 28. Qc1 Qg6 29. g4 Ne5 30. Qf4 Rd1+ 31. Kf2 Qc2+ 32. Kg3 Rd3+ 33. Qe3 Rxe3+ 0-1

[Event "Titled Tuesday 2020.06.16"]
[Site "chess.com INT"]
[Date "2020.06.16"]
[Round "7"]
[White "Safarli, Eltaj"]
[Black "Golubka, Petro"]
[Result "1-0"]
[WhiteElo "2598"]
[BlackElo "2495"]
[WhiteFideId "-1"]
[BlackFideId "-1"]
[PlyCount "74"]
[GameId "2130307595975129"]
[EventDate "2020.06.16"]
[EventType "swiss"]
[EventRounds "10"]
[EventCountry "NET"]
[SourceTitle "10 Days #619"]
[Source "ChessMix"]
[SourceDate "2020.07.01"]
[SourceVersion "1"]
[SourceVersionDate "2020.07.01"]
[SourceQuality "1"]

1. e4 e5 2. Nf3 Nc6 3. Bb5 a6 4. Ba4 Nf6 5. Nc3 b5 6. Bb3 Be7 7. a4 b4 8. Nd5 O-O 9. Nxf6+ Bxf6 10. Bd5 Bb7 11. O-O Rb8 12. Re1 d6 13. a5 Ne7 14. Bxb7 Rxb7 15. Qe2 Rb5 16. Qc4 c5 17. d3 Rxa5 18. Be3 Qb6 19. Nd2 Ra8 20. Qb3 Rxa1 21. Rxa1 Nc6 22. Qd5 Be7 23. Nc4 Qc7 24. f4 Ra7 25. g4 b3 26. c3 a5 27. fxe5 Nxe5 28. Nxe5 dxe5 29. Qxb3 h6 30. Qd5 Bf8 31. Rf1 Rb7 32. Rf2 Qb8 33. h4 Rxb2 34. Qxf7+ Kh7 35. Rxb2 Qxb2 36. Qxf8 Qb1+ 37. Qf1 Qxd3 1-0

[Event "Titled Tuesday 2020.06.16"]
[Site "chess.com INT"]
[Date "2020.06.16"]
[Round "8"]
[White "Golubka, Petro"]
[Black "Budrewicz, Krzysztof"]
[Result "0-1"]
[WhiteElo "2495"]
[BlackElo "2227"]
[WhiteFideId "-1"]
[BlackFideId "-1"]
[PlyCount "148"]
[GameId "2130307595983452"]
[EventDate "2020.06.16"]
[EventType "swiss"]
[EventRounds "10"]
[EventCountry "NET"]
[SourceTitle "10 Days #619"]
[Source "ChessMix"]
[SourceDate "2020.07.01"]
[SourceVersion "1"]
[SourceVersionDate "2020.07.01"]
[SourceQuality "1"]

1. e4 c5 2. Nf3 e6 3. Nc3 Nc6 4. d4 cxd4 5. Nxd4 a6 6. Be3 Nf6 7. Qd2 Bb4 8. f3 d5 9. a3 Qa5 10. Nb3 Bxc3 11. Nxa5 Bxd2+ 12. Bxd2 Nxa5 13. Bxa5 dxe4 14. Bc3 Rg8 15. O-O-O Bd7 16. Be2 Bc6 17. Rhe1 Rd8 18. Rxd8+ Kxd8 19. Kd2 exf3 20. gxf3 Nd5 21. Bd4 f6 22. Bc4 Kd7 23. Rg1 e5 24. Bf2 Ke6 25. h4 g6 26. b4 Rd8 27. Ke1 Ke7 28. Bc5+ Ke8 29. Kf2 Nf4 30. Ke3 Bd5 31. Bd3 Kf7 32. Bb6 Rd7 33. Bc5 Be6 34. Be4 Bd5 35. Bd3 h5 36. Ba7 Nxd3 37. cxd3 Bc6 38. d4 Re7 39. dxe5 Rxe5+ 40. Kf2 Rf5 41. Rg3 g5 42. hxg5 fxg5 43. Be3 Kf6 44. Ke2 h4 45. Rh3 Kg6 46. f4 gxf4 47. Bf2 f3+ 48. Ke3 Re5+ 49. Kd3 Re2 50. Bxh4 Ra2 51. Ke3 Rxa3+ 52. Kf2 Ra2+ 53. Kf1 Rb2 54. Be1 Rb1 55. Kf2 Kf5 56. Rh4 Rb3 57. Rd4 Rb2+ 58. Kf1 Rh2 59. Bf2 Rh1+ 60. Bg1 Ke5 61. Rg4 Be4 62. Kf2 Rh7 63. Rg5+ Kf4 64. Rc5 Bc6 65. Rc4+ Ke5 66. Rc5+ Kd4 67. Kf1+ Kd3 68. Kf2 Rg7 69. Kf1 Rg2 70. Bf2 Rh2 71. Kg1 Rh7 72. Kf1 Rg7 73. Ke1 Rg4 74. Kf1 Rxb4 0-1

[Event "Titled Tuesday 2020.06.09"]
[Site "chess.com INT"]
[Date "2020.06.09"]
[Round "5"]
[White "Golubka, Petro"]
[Black "Elissalt Cardenas, Hector"]
[Result "1-0"]
[WhiteElo "2495"]
[BlackElo "2279"]
[WhiteFideId "-1"]
[BlackFideId "-1"]
[PlyCount "79"]
[GameId "2130307596293776"]
[EventDate "2020.06.09"]
[EventType "swiss"]
[EventRounds "10"]
[EventCountry "NET"]
[SourceTitle "10 Days #618"]
[Source "ChessMix"]
[SourceDate "2020.06.20"]
[SourceVersion "1"]
[SourceVersionDate "2020.06.20"]
[SourceQuality "1"]

1. e4 d6 2. d4 Nf6 3. f3 c6 4. Be3 Nbd7 5. Qd2 b5 6. a4 bxa4 7. Nc3 g6 8. Nxa4 Bg7 9. Ne2 O-O 10. Nec3 Bb7 11. Be2 Qc7 12. O-O a5 13. Rfd1 Rfb8 14. b3 Ba6 15. Bxa6 Rxa6 16. Qe2 Raa8 17. Bf2 Ne8 18. g3 Qb7 19. Kg2 Nc7 20. h4 Nb5 21. h5 c5 22. Nxb5 Qxb5 23. Qxb5 Rxb5 24. hxg6 hxg6 25. Ra2 cxd4 26. Bxd4 Bxd4 27. Rxd4 Rc8 28. Kf2 Nc5 29. Nc3 Rbb8 30. Ne2 Ra8 31. Ke3 f6 32. Rc4 Kf7 33. Nd4 e5 34. Nb5 Ke6 35. Nc3 f5 36. Nd5 fxe4 37. fxe4 a4 38. Nb6 axb3 39. Rxa8 b2 40. Rb4 1-0

[Event "Titled Tuesday 2020.06.09"]
[Site "chess.com INT"]
[Date "2020.06.09"]
[Round "6"]
[White "Martins, Carlos"]
[Black "Golubka, Petro"]
[Result "0-1"]
[WhiteElo "2231"]
[BlackElo "2495"]
[WhiteFideId "-1"]
[BlackFideId "-1"]
[PlyCount "70"]
[GameId "2130307596306319"]
[EventDate "2020.06.09"]
[EventType "swiss"]
[EventRounds "10"]
[EventCountry "NET"]
[SourceTitle "10 Days #618"]
[Source "ChessMix"]
[SourceDate "2020.06.20"]
[SourceVersion "1"]
[SourceVersionDate "2020.06.20"]
[SourceQuality "1"]

1. e4 c5 2. Nf3 d6 3. d4 cxd4 4. Nxd4 Nf6 5. Nc3 a6 6. f4 e6 7. Qf3 Nc6 8. Be3 Qc7 9. O-O-O Be7 10. h3 Bd7 11. g4 Nxd4 12. Bxd4 Bc6 13. g5 Nd7 14. Bxg7 Rg8 15. Bd4 e5 16. Be3 exf4 17. Bxf4 Bxg5 18. Bxg5 Rxg5 19. h4 Rc5 20. Bh3 Ne5 21. Qf6 Qe7 22. Qh8+ Qf8 23. Qxh7 b5 24. Nd5 Bxd5 25. Rxd5 Rxd5 26. exd5 Kd8 27. Re1 Kc7 28. Re3 Qh8 29. Rc3+ Kb7 30. Qe4 Qh6+ 31. Kb1 Rh8 32. a3 Qxh4 33. Qf5 Qe7 34. Qf4 Nc4 35. b3 Qe1+ 0-1

[Event "Titled Tuesday 2020.06.09"]
[Site "chess.com INT"]
[Date "2020.06.09"]
[Round "7"]
[White "Golubka, Petro"]
[Black "De Abreu, Roberto N"]
[Result "1-0"]
[WhiteElo "2495"]
[BlackElo "2184"]
[WhiteFideId "-1"]
[BlackFideId "-1"]
[PlyCount "57"]
[GameId "2130307596310568"]
[EventDate "2020.06.09"]
[EventType "swiss"]
[EventRounds "10"]
[EventCountry "NET"]
[SourceTitle "10 Days #618"]
[Source "ChessMix"]
[SourceDate "2020.06.20"]
[SourceVersion "1"]
[SourceVersionDate "2020.06.20"]
[SourceQuality "1"]

1. e4 e6 2. d4 d5 3. Nc3 Nf6 4. e5 Nfd7 5. f4 c5 6. Nf3 Nc6 7. Be3 Be7 8. Qd2 O-O 9. dxc5 Qa5 10. a3 Bxc5 11. Bxc5 Nxc5 12. O-O-O Na4 13. Nxa4 Qxa4 14. g3 b6 15. Qc3 Bb7 16. Qe3 Rfc8 17. Bd3 d4 18. Qe2 Na5 19. Kb1 Nc4 20. Rhe1 Nxa3+ 21. bxa3 Rc3 22. Nxd4 Rxa3 23. Nb3 Bd5 24. Bb5 Rxb3+ 25. cxb3 Qxb3+ 26. Qb2 Qf3 27. Be2 Qe4+ 28. Bd3 Qf3 29. Qe2 1-0

[Event "Titled Tuesday 2020.06.09"]
[Site "chess.com INT"]
[Date "2020.06.09"]
[Round "8"]
[White "Golubka, Petro"]
[Black "Xie, Bryan"]
[Result "1-0"]
[WhiteElo "2495"]
[BlackElo "2049"]
[WhiteFideId "-1"]
[BlackFideId "-1"]
[PlyCount "79"]
[GameId "2130307596318948"]
[EventDate "2020.06.09"]
[EventType "swiss"]
[EventRounds "10"]
[EventCountry "NET"]
[SourceTitle "10 Days #618"]
[Source "ChessMix"]
[SourceDate "2020.06.20"]
[SourceVersion "1"]
[SourceVersionDate "2020.06.20"]
[SourceQuality "1"]

1. e4 d6 2. d4 Nf6 3. f3 g6 4. Be3 Bg7 5. Qd2 O-O 6. c4 Nbd7 7. Ne2 c5 8. Nbc3 cxd4 9. Nxd4 Ne5 10. Be2 Bd7 11. O-O a6 12. a4 Rc8 13. b3 Nc6 14. Nc2 Qa5 15. Rab1 Nb4 16. Nd5 Nfxd5 17. exd5 Nxc2 18. Qxa5 Nxe3 19. Rfe1 Bd4 20. Kh1 Bf5 21. Qd2 Bxb1 22. Qxd4 Nc2 23. Qb2 Nxe1 24. Qxb1 Nxg2 25. Kxg2 f5 26. a5 f4 27. Bd3 Rf6 28. Qe1 Kf7 29. h4 h6 30. b4 g5 31. h5 Ke8 32. Kh3 Kf7 33. Kg4 Rc7 34. Bg6+ Kf8 35. Qe4 Rc8 36. Qd4 Rc7 37. c5 dxc5 38. bxc5 e5 39. Qxe5 Rxg6 40. hxg6 1-0

[Event "Titled Tuesday 2020.06.09"]
[Site "chess.com INT"]
[Date "2020.06.09"]
[Round "10"]
[White "Golubka, Petro"]
[Black "Soltanici, Ruslan"]
[Result "1-0"]
[WhiteElo "2495"]
[BlackElo "2410"]
[WhiteFideId "-1"]
[BlackFideId "-1"]
[PlyCount "109"]
[GameId "2130307596335694"]
[EventDate "2020.06.09"]
[EventType "swiss"]
[EventRounds "10"]
[EventCountry "NET"]
[SourceTitle "10 Days #618"]
[Source "ChessMix"]
[SourceDate "2020.06.20"]
[SourceVersion "1"]
[SourceVersionDate "2020.06.20"]
[SourceQuality "1"]

1. e4 c5 2. Nf3 d6 3. d4 cxd4 4. Nxd4 Nf6 5. Nc3 a6 6. Bg5 e6 7. f4 Be7 8. Qf3 h6 9. Bh4 Qc7 10. O-O-O Nbd7 11. g4 g5 12. fxg5 Ne5 13. Qg3 Nfxg4 14. g6 Bxh4 15. Qxh4 Qe7 16. gxf7+ Kxf7 17. Qh5+ Kg7 18. Rg1 Qg5+ 19. Qxg5+ hxg5 20. Be2 Nf2 21. Rxg5+ Kf6 22. Rdg1 Rxh2 23. Rg8 b5 24. Rf8+ Ke7 25. Rgg8 b4 26. Nd1 Nxe4 27. Rxc8 Rxc8 28. Rxc8 Nc5 29. Ra8 Rh4 30. Nb3 Ned7 31. Nxc5 Nxc5 32. Bxa6 d5 33. Be2 e5 34. Rb8 Kd6 35. Rb6+ Kc7 36. Rf6 Rh2 37. Rf7+ Kd6 38. Bf1 e4 39. Rf2 Rh1 40. Kd2 d4 41. Ke1 e3 42. Rf4 Ke5 43. Rg4 Ne4 44. a3 Nd2 45. Ke2 Rxf1 46. Nxe3 dxe3 47. Kxe3 Nb1 48. axb4 Rc1 49. Kd3 Rd1+ 50. Kc4 Nd2+ 51. Kb5 Rc1 52. c3 Rc2 53. Rg2 Rxb2 54. Re2+ Kd6 55. Rf2 1-0

[Event "Titled Tuesday 2020.06.02"]
[Site "chess.com INT"]
[Date "2020.06.02"]
[Round "3"]
[White "Kanyamarala, Tarun"]
[Black "Golubka, Petro"]
[Result "0-1"]
[WhiteElo "2381"]
[BlackElo "2495"]
[WhiteFideId "-1"]
[BlackFideId "-1"]
[PlyCount "78"]
[GameId "2130307596415464"]
[EventDate "2020.06.02"]
[EventType "swiss"]
[EventRounds "10"]
[EventCountry "NET"]
[SourceTitle "10 Days #617"]
[Source "ChessMix"]
[SourceDate "2020.06.10"]
[SourceVersion "1"]
[SourceVersionDate "2020.06.10"]
[SourceQuality "1"]

1. e4 c5 2. Nf3 d6 3. d4 cxd4 4. Nxd4 Nf6 5. Nc3 a6 6. h3 e6 7. g4 Nc6 8. Bg2 Nxd4 9. Qxd4 e5 10. Qd3 Be6 11. f4 exf4 12. Bxf4 h5 13. g5 Nd7 14. O-O-O Ne5 15. Qg3 Qa5 16. Nd5 h4 17. Qb3 Rb8 18. Be3 Qd8 19. Qb6 Qxb6 20. Bxb6 Rc8 21. Rhf1 Be7 22. Nc7+ Kd7 23. Nxe6 fxe6 24. Bd4 Bxg5+ 25. Kb1 Bf6 26. Bf3 Nxf3 27. Bxf6 gxf6 28. Rxf3 Ke7 29. Rdf1 Rh6 30. b3 Rg6 31. Rf4 Rh8 32. R1f3 e5 33. Rf5 Ke6 34. Rc3 Rg3 35. Rc7 Rxh3 36. Rxb7 Rh1+ 37. Kb2 h3 38. Rg7 Rh6 39. Rg3 h2 0-1

[Event "Titled Tuesday 2020.06.02"]
[Site "chess.com INT"]
[Date "2020.06.02"]
[Round "6"]
[White "Golubka, Petro"]
[Black "Baum, Jonasz"]
[Result "1-0"]
[WhiteElo "2495"]
[BlackElo "2373"]
[WhiteFideId "-1"]
[BlackFideId "-1"]
[PlyCount "113"]
[GameId "2130307596473642"]
[EventDate "2020.06.02"]
[EventType "swiss"]
[EventRounds "10"]
[EventCountry "NET"]
[SourceTitle "10 Days #617"]
[Source "ChessMix"]
[SourceDate "2020.06.10"]
[SourceVersion "1"]
[SourceVersionDate "2020.06.10"]
[SourceQuality "1"]

1. e4 c5 2. Nf3 Nc6 3. d4 cxd4 4. Nxd4 e5 5. Nb5 a6 6. Nd6+ Bxd6 7. Qxd6 Qf6 8. Qa3 Nge7 9. Nc3 Rb8 10. h4 b5 11. Bg5 Qe6 12. Qb3 Nd4 13. Qxe6 fxe6 14. O-O-O Nec6 15. f3 O-O 16. h5 h6 17. Be3 Bb7 18. Nb1 Rfc8 19. c3 d5 20. b3 b4 21. cxd4 exd4 22. Bg1 dxe4 23. fxe4 Ne5+ 24. Kb2 Bxe4 25. Rh4 Rc2+ 26. Ka1 Bf5 27. Rhxd4 Nc6 28. R4d2 Rxd2 29. Nxd2 Rc8 30. Rc1 Ne7 31. Rxc8+ Nxc8 32. Bxa6 Nd6 33. Bc5 Ne4 34. Nxe4 Bxe4 35. g3 Bf3 36. Bc4 Kf7 37. Bxb4 Bxh5 38. a4 Bf3 39. a5 g5 40. Bd2 Kf6 41. a6 h5 42. Be1 Kg6 43. a7 e5 44. Kb2 Bc6 45. Kc3 e4 46. Kd4 Kf5 47. Bd5 Bxd5 48. Kxd5 h4 49. gxh4 gxh4 50. Bxh4 e3 51. Be1 e2 52. a8=Q Kf4 53. Kd4 Kg4 54. Ke5 Kh3 55. Qg8 Kh2 56. Kf4 Kh1 57. Kf3 1-0

[Event "Titled Tuesday 2020.06.02"]
[Site "chess.com INT"]
[Date "2020.06.02"]
[Round "7"]
[White "Quparadze, Giga"]
[Black "Golubka, Petro"]
[Result "0-1"]
[WhiteElo "2463"]
[BlackElo "2495"]
[WhiteFideId "-1"]
[BlackFideId "-1"]
[PlyCount "142"]
[GameId "2130307596490406"]
[EventDate "2020.06.02"]
[EventType "swiss"]
[EventRounds "10"]
[EventCountry "NET"]
[SourceTitle "10 Days #617"]
[Source "ChessMix"]
[SourceDate "2020.06.10"]
[SourceVersion "1"]
[SourceVersionDate "2020.06.10"]
[SourceQuality "1"]

1. e4 c5 2. d4 cxd4 3. c3 d3 4. Bxd3 Nc6 5. Nf3 d6 6. Bc4 e6 7. O-O Nf6 8. Re1 Be7 9. Bb3 O-O 10. c4 e5 11. Nc3 Bg4 12. Be3 Nd7 13. h3 Bh5 14. Nd5 Nc5 15. Bc2 Kh8 16. b4 Ne6 17. g4 Bg6 18. b5 Na5 19. Bd3 Rc8 20. Bxa7 Nxc4 21. Qe2 Ra8 22. b6 Na5 23. Bb5 Nc6 24. Bxc6 bxc6 25. Nxe7 Qxe7 26. Rac1 Nf4 27. Qf1 c5 28. a4 Qb7 29. Nd2 d5 30. a5 dxe4 31. Rxc5 Nd3 32. Rc7 Qd5 33. Re3 Qxa5 34. Nxe4 Rxa7 35. Rxa7 Qxb6 36. Rd7 Bxe4 37. Rxe4 Nc5 38. Qd1 Nxe4 39. Qf3 f5 40. gxf5 Nf6 41. Rb7 Qd6 42. Kg2 h6 43. Rb5 Re8 44. Rb7 e4 45. Qb3 e3 46. Qf7 Qc6+ 47. Kh2 Rg8 48. fxe3 Qd6+ 49. Kg2 Qd2+ 50. Kf3 Qd1+ 51. Kf4 Qf1+ 52. Ke5 Qf3 53. Re7 Qxe3+ 54. Kd6 Qd4+ 55. Kc7 Qc5+ 56. Kb7 Qb5+ 57. Ka7 Qa5+ 58. Kb7 Qa8+ 59. Kb6 Rb8+ 60. Kc5 Qa5+ 61. Kd4 Rb4+ 62. Kc3 Qc5+ 63. Kd3 Rd4+ 64. Ke3 Qc3+ 65. Kf2 Rf4+ 66. Ke2 Qf3+ 67. Kd2 Rd4+ 68. Kc2 Qd3+ 69. Kb2 Rb4+ 70. Ka2 Qc2+ 71. Ka1 Qb2# 0-1

[Event "Titled Tuesday 2020.06.02"]
[Site "chess.com INT"]
[Date "2020.06.02"]
[Round "8"]
[White "Golubka, Petro"]
[Black "Matlakov, Maxim"]
[Result "1/2-1/2"]
[WhiteElo "2495"]
[BlackElo "2685"]
[WhiteFideId "-1"]
[BlackFideId "-1"]
[PlyCount "165"]
[GameId "2130307596494635"]
[EventDate "2020.06.02"]
[EventType "swiss"]
[EventRounds "10"]
[EventCountry "NET"]
[SourceTitle "10 Days #617"]
[Source "ChessMix"]
[SourceDate "2020.06.10"]
[SourceVersion "1"]
[SourceVersionDate "2020.06.10"]
[SourceQuality "1"]

1. e4 c5 2. Nf3 e6 3. Nc3 Nc6 4. d4 cxd4 5. Nxd4 Qc7 6. Be3 a6 7. Qd2 Nf6 8. f3 Be7 9. O-O-O b5 10. g4 Nxd4 11. Bxd4 Bb7 12. h4 O-O 13. h5 e5 14. Be3 b4 15. Na4 d5 16. g5 d4 17. gxf6 dxe3 18. Qd7 Bd8 19. fxg7 Kxg7 20. h6+ Kh8 21. Qxc7 Bxc7 22. Nc5 Bc8 23. Nd3 a5 24. Re1 Be6 25. Kb1 Rfb8 26. Rxe3 a4 27. Bh3 Bc4 28. Rc1 Rb6 29. b3 Bb5 30. Nxb4 Rxh6 31. Nd5 Bd8 32. Bf5 Bg5 33. Ree1 Bxc1 34. Rxc1 Rb8 35. c4 Bc6 36. Kb2 axb3 37. axb3 Rh2+ 38. Rc2 Rxc2+ 39. Kxc2 h5 40. Ne7 Be8 41. Kc3 h4 42. Bg4 Ra8 43. Nf5 Bd7 44. Nxh4 Bxg4 45. fxg4 Kg7 46. Nf3 Kf6 47. g5+ Ke6 48. c5 Rh8 49. Kc4 Rh3 50. Nd2 Rh2 51. Nb1 Rc2+ 52. Nc3 Kd7 53. b4 Kc7 54. b5 Rc1 55. Kd3 Rg1 56. Nd5+ Kb8 57. c6 Rc1 58. Kd2 Rc5 59. c7+ Kb7 60. b6 Rc4 61. Kd3 Rd4+ 62. Ke3 Rc4 63. Ne7 Rc3+ 64. Kd2 Rc4 65. c8=Q+ Rxc8 66. Nxc8 Kxc8 67. Kc3 Kb7 68. Kc4 Kxb6 69. Kd5 Kc7 70. Kxe5 Kd7 71. Kf6 Ke8 72. e5 Kf8 73. Kf5 Ke7 74. Ke4 Ke6 75. Kf4 Ke7 76. Kf5 Ke8 77. e6 Ke7 78. exf7 Kxf7 79. g6+ Kg7 80. Kg5 Kg8 81. Kf6 Kf8 82. g7+ Kg8 83. Kg6 1/2-1/2

[Event "Titled Tuesday 2020.06.02"]
[Site "chess.com INT"]
[Date "2020.06.02"]
[Round "9"]
[White "Golubka, Petro"]
[Black "Aravindh, Chithambaram VR"]
[Result "1-0"]
[WhiteElo "2495"]
[BlackElo "2641"]
[WhiteFideId "-1"]
[BlackFideId "-1"]
[PlyCount "71"]
[GameId "2130307596507165"]
[EventDate "2020.06.02"]
[EventType "swiss"]
[EventRounds "10"]
[EventCountry "NET"]
[SourceTitle "10 Days #617"]
[Source "ChessMix"]
[SourceDate "2020.06.10"]
[SourceVersion "1"]
[SourceVersionDate "2020.06.10"]
[SourceQuality "1"]

1. e4 g6 2. d4 Bg7 3. Be3 c5 4. c3 cxd4 5. cxd4 Nf6 6. Nc3 d6 7. h3 O-O 8. Nf3 Qa5 9. Bd3 e5 10. d5 Ne8 11. g4 Nd7 12. Rg1 Nc5 13. Bc2 b5 14. a3 b4 15. axb4 Qxb4 16. Qd2 a5 17. Na4 Nxa4 18. Qxb4 axb4 19. Rxa4 Rb8 20. Nd2 f5 21. gxf5 gxf5 22. exf5 Bxf5 23. Bxf5 Rxf5 24. Ne4 Kf8 25. Ke2 h6 26. Ra6 Rd8 27. b3 Rf7 28. Rb6 Nc7 29. Nxd6 Rfd7 30. Nf5 Nxd5 31. Bc5+ Kg8 32. Rxh6 e4 33. Bd4 Nc3+ 34. Ke3 Rxd4 35. Rxg7+ Kf8 36. Rh8# 1-0

[Event "Titled Tuesday 2020.06.02"]
[Site "chess.com INT"]
[Date "2020.06.02"]
[Round "10"]
[White "Lenderman, Aleksandr"]
[Black "Golubka, Petro"]
[Result "0-1"]
[WhiteElo "2634"]
[BlackElo "2495"]
[WhiteFideId "-1"]
[BlackFideId "-1"]
[PlyCount "72"]
[GameId "2130307596515620"]
[EventDate "2020.06.02"]
[EventType "swiss"]
[EventRounds "10"]
[EventCountry "NET"]
[SourceTitle "10 Days #617"]
[Source "ChessMix"]
[SourceDate "2020.06.10"]
[SourceVersion "1"]
[SourceVersionDate "2020.06.10"]
[SourceQuality "1"]

1. Nf3 Nf6 2. c4 g6 3. Nc3 d5 4. cxd5 Nxd5 5. h4 Nxc3 6. bxc3 Bg7 7. h5 c5 8. e4 Nc6 9. Bc4 Qc7 10. Rb1 a6 11. a4 Na5 12. Be2 Bg4 13. Ng5 Bd7 14. Ba3 h6 15. Nf3 g5 16. d4 b6 17. Kf1 O-O 18. e5 Rad8 19. Qc1 Bxa4 20. Nxg5 cxd4 21. Ne4 Qxe5 22. Bf3 Bb5+ 23. Kg1 dxc3 24. Bb4 Rd3 25. Rh4 Rc8 26. Qc2 Nc6 27. Bxc3 Rxc3 28. Nxc3 Qxc3 29. Qf5 e6 30. Qh3 Ne5 31. Bb7 Qxh3 32. Rxh3 Rc7 33. Be4 f5 34. Bf3 Nxf3+ 35. Rxf3 Kf7 36. Rfb3 Bd4 0-1